LDR 00586naa#a2200169#i#450# 001 EN\INFRA-M\bibl\123029 005 20260513194755.3 011 ## _a1998-1740 100 ## _a20260430b2026####ek#y0engy0150####ca 102 ## _aRU 200 1# _aConvergent Approach to the Development of Emotional Intelligence of Future Teachers _eJournal article 210 1# _aMoscow _cINFRA-M Academic Publishing LLC. _d2026 215 ## _a4 с. 608 ## _aJournal article _2local 675 ## _aМетоды обучения. Формы преподавания. 378.147 _z 700 #1 _aUskova _gAnna Igorevna 856 4# _anaukaru.ru _u